000 00506nam a2200169 a 4500
005 20140412111240.0
008 001117s19uu xx 00 eng d
020 _a0-7214-1107-x
050 _aM 567.9'1
_bD153 1989
100 _aDaly, Bridget
245 _aDinosaurs /
_cWritten by Bridget Daly, Michael Woods ; illustrated by Chris Forsey.
260 _aUK :
_bLadybird,
_c1989.
300 _a43 p. ; ill.
440 _aLadybird Learners
650 _aDinosaurs
_xJuvenile literature
999 _c102662
_d102662